[Event "Morbihan-ch 0910"]
[Site "Morbihan"]
[Date "2010.04.24"]
[Round "7.16"]
[White "Roussel, Bernard"]
[Black "Potier, Pierre"]
[Result "0-1"]
[WhiteElo "1570"]
[BlackElo "1650"]
[PlyCount "58"]
[EventDate "2009.10.10"]
[EventType "swiss"]
[EventRounds "7"]
[EventCountry "FRA"]
[SourceTitle "EXT 2014"]
[Source "ChessBase"]
[SourceDate "2013.11.20"]
[SourceVersion "1"]
[SourceVersionDate "2013.11.20"]
[SourceQuality "1"]

1. d4 d5 2. c4 Nf6 3. Nc3 Nc6 4. Nf3 e6 5. a3 Bd7 6. Bg5 Be7 7. e3 Ne4 8. Bxe7 Nxe7 9. Ne5 Nxc3 10. bxc3 0-0 11. Bd3 Be8 12. h4 f6 13. Nf3 b6 14. g4 Qd6 15. g5 e5 16. h5 e4 17. gxf6 Qxf6 18. Be2 exf3 19. Bd3 Qg5 20. Kd2 Bxh5 21. Rg1 Qf6 22. Qc2 Bg6 23. Rh1 dxc4 24. Bxg6 Nxg6 25. Rag1 Qf5 26. Qa2 Qd3+ 27. Kc1 Qxc3+ 28. Kd1 Rad8 29. Rh5 c5 0-1

[Event "Morbihan-ch 0607"]
[Site "Morbihan"]
[Date "2007.03.10"]
[Round "6"]
[White "Hocher, Eugene"]
[Black "Roussel, Bernard"]
[Result "1-0"]
[WhiteElo "1761"]
[BlackElo "1560"]
[PlyCount "81"]
[EventDate "2006.10.21"]
[EventType "swiss"]
[EventRounds "7"]
[EventCountry "FRA"]
[SourceTitle "EXT 2009"]
[Source "ChessBase"]
[SourceDate "2008.11.26"]
[SourceVersion "1"]
[SourceVersionDate "2008.11.26"]
[SourceQuality "1"]

1. d4 Nf6 2. c4 e6 3. Nf3 c6 4. a3 d5 5. e3 Ne4 6. Bd3 Nd7 7. Bxe4 dxe4 8. Nfd2 Nf6 9. b4 b6 10. Nc3 Be7 11. Ncxe4 0-0 12. Bb2 Bb7 13. Nxf6+ Bxf6 14. 0-0 c5 15. Nb3 Qc7 16. bxc5 Rad8 17. Qc2 Qc6 18. f3 Rfe8 19. Rac1 Qc7 20. cxb6 axb6 21. c5 Bd5 22. Qd3 Bxb3 23. Qxb3 bxc5 24. Rxc5 Qa7 25. Qc3 e5 26. dxe5 Be7 27. e6 f6 28. Rc7 Qb6 29. Rc6 Qb7 30. Rc1 Qa7 31. Kf2 Qb8 32. Rc7 h6 33. f4 Bf8 34. Rc2 Rxe6 35. Qc4 Qb6 36. Bd4 Qd6 37. f5 Rde8 38. fxe6 Kh8 39. g3 Rxe6 40. Rc8 Kg8 41. Rc6 1-0

[Event "Morbihan-ch 0607"]
[Site "Morbihan"]
[Date "2006.10.21"]
[Round "1"]
[White "Roussel, Bernard"]
[Black "Dorel, Thierry"]
[Result "1-0"]
[WhiteElo "1560"]
[BlackElo "1240"]
[PlyCount "59"]
[EventDate "2006.10.21"]
[EventType "swiss"]
[EventRounds "7"]
[EventCountry "FRA"]
[SourceTitle "EXT 2009"]
[Source "ChessBase"]
[SourceDate "2008.11.26"]
[SourceVersion "1"]
[SourceVersionDate "2008.11.26"]
[SourceQuality "1"]

1. d4 Nf6 2. c4 c6 3. Nc3 e6 4. Nf3 Bb4 5. Bd2 0-0 6. a3 Bxc3 7. Bxc3 Ne4 8. Qc2 d5 9. e3 Nd7 10. Bd3 Ng5 11. 0-0-0 dxc4 12. Bxc4 Nxf3 13. gxf3 Nf6 14. Rhg1 b5 15. Bd3 a5 16. d5 g6 17. Bxg6 fxg6 18. Rxg6+ hxg6 19. Qxg6+ Kh8 20. Qh6+ Kg8 21. Rg1+ Kf7 22. Qg6+ Ke7 23. Qg7+ Kd6 24. Qg3+ Ke7 25. Qg7+ Rf7 26. Bxf6+ Kd6 27. Qg3+ Kd7 28. Bxd8 Kxd8 29. Qd6+ Bd7 30. Rg8+ 1-0

[Event "FRA-chT4 0506"]
[Site "Bretagne"]
[Date "2005.11.20"]
[Round "2"]
[White "Roussel, Bernard"]
[Black "Riou Durand, Lionel"]
[Result "1-0"]
[WhiteElo "1470"]
[BlackElo "1270"]
[PlyCount "37"]
[EventDate "2005.10.16"]
[EventType "team"]
[EventRounds "7"]
[EventCountry "FRA"]
[SourceTitle "EXT 2007"]
[Source "ChessBase"]
[SourceDate "2006.11.23"]
[SourceVersion "1"]
[SourceVersionDate "2006.11.23"]
[SourceQuality "1"]

1. d4 Nf6 2. c4 e5 3. dxe5 Ng4 4. Qd4 d6 5. Nf3 Nc6 6. Qd5 Be6 7. Qe4 Ngxe5 8. e3 f5 9. Qc2 Qd7 10. Bd2 0-0-0 11. Na3 d5 12. Nxe5 Nxe5 13. 0-0-0 Bxa3 14. bxa3 Qe7 15. Bb4 c5 16. Bc3 Nxc4 17. Bxc4 dxc4 18. Qa4 b6 19. Qc6+ 1-0

[Event "Morbihan-ch 0405"]
[Site "Arradon"]
[Date "2004.10.10"]
[Round "1"]
[White "Roussel, Bernard"]
[Black "Dufournier, Francois"]
[Result "0-1"]
[WhiteElo "1470"]
[BlackElo "1600"]
[PlyCount "46"]
[EventDate "2004.10.10"]
[EventType "swiss"]
[EventRounds "7"]
[EventCountry "FRA"]
[SourceTitle "EXT 2007"]
[Source "ChessBase"]
[SourceDate "2006.11.23"]
[SourceVersion "1"]
[SourceVersionDate "2006.11.23"]
[SourceQuality "1"]

1. d4 e6 2. c4 Nf6 3. Nc3 Bb4 4. Qc2 0-0 5. Nf3 c5 6. e3 Nc6 7. Bd2 Bxc3 8. bxc3 b6 9. Bd3 h6 10. e4 d6 11. Be3 Bb7 12. 0-0-0 cxd4 13. Nxd4 Rc8 14. Nf3 e5 15. g3 Na5 16. Nd2 Rc7 17. f3 Qd7 18. Qb1 Ba6 19. Qb4 Rfc8 20. Kb2 Ne8 21. Rhf1 Bxc4 22. Nb1 Bxd3 23. Rxd3 Rc4 0-1

[Event "Morbihan-ch 0304"]
[Site "Morbihan"]
[Date "2004.03.06"]
[Round "5"]
[White "Roussel, Bernard"]
[Black "Le Coz, Yannick"]
[Result "1-0"]
[WhiteElo "1490"]
[BlackElo "1630"]
[PlyCount "97"]
[EventDate "2003.10.??"]
[EventType "swiss"]
[EventRounds "7"]
[EventCountry "FRA"]
[SourceTitle "EXT 2005"]
[Source "ChessBase"]
[SourceDate "2004.11.15"]
[SourceVersion "1"]
[SourceVersionDate "2004.11.15"]
[SourceQuality "1"]

1. d4 d5 2. c4 c6 3. Bd2 Nf6 4. Nc3 dxc4 5. e3 Be6 6. Nf3 h6 7. Ne5 b5 8. b4 Nfd7 9. Nxd7 Nxd7 10. g3 Nb6 11. Bg2 Qd7 12. a4 g6 13. axb5 Nd5 14. bxc6 Qxc6 15. Qa4 Qxa4 16. Rxa4 Nxc3 17. Bxc3 Bd7 18. Ra6 Bb5 19. Ra5 Rb8 20. d5 Rg8 21. 0-0 a6 22. Bd4 Rb7 23. Rd1 f6 24. Bc3 Rb6 25. e4 Bg7 26. f4 Rf8 27. Ra2 Kf7 28. e5 Kg8 29. d6 exd6 30. Rxd6 Rxd6 31. exd6 Kh7 32. Rd2 Rd8 33. h4 f5 34. Be5 Kg8 35. Bd5+ Kf8 36. Rc2 Bxe5 37. fxe5 Ba4 38. Rxc4 Bb5 39. Rc7 Bd7 40. Rc3 Rb8 41. e6 Bb5 42. Rc7 Rb6 43. Rf7+ Ke8 44. d7+ Bxd7 45. Rxd7 Rxb4 46. Bc6 Kf8 47. e7+ Kf7 48. e8Q+ Kxe8 49. Rb7+ 1-0

[Event "FRA-chT4 0304"]
[Site "Bretagne"]
[Date "2003.12.07"]
[Round "3"]
[White "Hinault, Jean Luc"]
[Black "Roussel, Bernard"]
[Result "0-1"]
[WhiteElo "1490"]
[BlackElo "1490"]
[PlyCount "65"]
[EventDate "2003.10.12"]
[EventType "team"]
[EventRounds "9"]
[EventCountry "FRA"]
[SourceTitle "EXT 2005"]
[Source "ChessBase"]
[SourceDate "2004.11.15"]
[SourceVersion "1"]
[SourceVersionDate "2004.11.15"]
[SourceQuality "1"]

1. g3 e6 2. Bg2 d5 3. b3 Nf6 4. Bb2 c5 5. e3 Nc6 6. Ne2 g6 7. 0-0 Bg7 8. d3 0-0 9. Nd2 Re8 10. c4 dxc4 11. Nxc4 Nd5 12. Bxg7 Kxg7 13. a3 b5 14. Nd2 Bb7 15. Ne4 Qe7 16. Qc2 Ne5 17. Rad1 Rac8 18. Qb2 f6 19. d4 cxd4 20. Nxd4 a6 21. Rfe1 Rc7 22. f4 Ng4 23. Nc2 Rec8 24. Rc1 Nc3 25. Nf2 Bxg2 26. Kxg2 Nxf2 27. Kxf2 e5 28. Kf1 Qe6 29. Kg2 exf4 30. Nd4 Qe4+ 31. Kf2 fxe3+ 32. Rxe3 Qxd4 33. Rce1 0-1

[Event "Morbihan-ch 0304"]
[Site "Morbihan"]
[Date "2003.10.18"]
[Round "1"]
[White "Roussel, Bernard"]
[Black "Girod, Bernard"]
[Result "1/2-1/2"]
[WhiteElo "1490"]
[BlackElo "1560"]
[PlyCount "41"]
[EventDate "2003.10.??"]
[EventType "swiss"]
[EventRounds "7"]
[EventCountry "FRA"]
[SourceTitle "EXT 2005"]
[Source "ChessBase"]
[SourceDate "2004.11.15"]
[SourceVersion "1"]
[SourceVersionDate "2004.11.15"]
[SourceQuality "1"]

1. d4 d5 2. c4 e6 3. Nc3 Nf6 4. a3 Be7 5. Bg5 b6 6. Nf3 Bb7 7. e3 Nbd7 8. Be2 Rc8 9. b4 c5 10. b5 cxd4 11. Qxd4 dxc4 12. 0-0 0-0 13. Rfd1 Nc5 14. Qxd8 Rfxd8 15. Nd4 Nd3 16. Ra2 e5 17. Nf5 Bf8 18. a4 e4 19. Nd4 Rd6 20. Bf4 Rdd8 21. Bg5 1/2-1/2

[Event "Bretagne op-B"]
[Site "Queven"]
[Date "1999.??.??"]
[Round "2"]
[White "Roussel, Bernard"]
[Black "Blanchard, Ophelie"]
[Result "1-0"]
[WhiteElo "1450"]
[BlackElo "1210"]
[PlyCount "43"]
[EventDate "1999.06.??"]
[EventType "swiss"]
[EventRounds "7"]
[EventCountry "FRA"]
[SourceTitle "EXT 2001"]
[Source "ChessBase"]
[SourceDate "2000.11.22"]
[SourceVersion "1"]
[SourceVersionDate "2000.11.22"]
[SourceQuality "1"]

1. d4 d5 2. c4 e6 3. Nc3 Nf6 4. Nf3 Nc6 5. e3 Be7 6. Bd3 dxc4 7. Bxc4 0-0 8. 0-0 b6 9. a3 Bb7 10. Re1 Na5 11. Ba2 c5 12. e4 cxd4 13. Nxd4 Bc5 14. Nf3 Qc7 15. b4 Rfd8 16. Qc2 Bd4 17. Bb2 Nc6 18. Nb5 Qd7 19. Nbxd4 Nxd4 20. Nxd4 Rac8 21. Qe2 Qd6 22. e5 1-0